Score 0/20 Timer 02:00
5 Plays Today
Phrase Nickname % Correct
Goldilocks and the Three _____Bears
91.1%
_____ of the Lost ArkRaiders
90.9%
When the _____ Go Marching InSaints
90.1%
Dancing with the _____Stars
85.6%
_____ of LeonKings
84.6%
Running of the _____Bulls
78.4%
March of the _____Penguins
78.4%
Cool your _____Jets
68.2%
In the _____ of the NightHeat
67.1%
Get one's _____ in a rowDucks
61.6%
Phrase Nickname % Correct
The _____ of PenzancePirates
60.9%
_____ Bill HickokWild
55.9%
They Might Be _____Giants
49.9%
Chip 'n Dale Rescue _____Rangers
46.3%
A Thousand Splendid _____Suns
35.8%
Fools rush in where _____ fear to treadAngels
30.3%
Where Have All the _____ GoneCowboys
29.8%
The _____ RollsThunder
24.7%
Industrial Light & _____Magic
23.1%
Howard _____Hawks
8%

Today's Daily Dose

Remove Ads.
Support Sporcle.
Get the best of Sporcle when you Go Orange. This ad-free experience offers more features, more stats, and more fun while also helping to support Sporcle. Thank you for becoming a member.

You're not logged in!

Compare scores with friends on all Sporcle quizzes.
OR
Log In

Show Comments

Extras

Top Quizzes Today


Score Distribution

Your Account Isn't Verified!

In order to create a playlist on Sporcle, you need to verify the email address you used during registration. Go to your Sporcle Settings to finish the process.

Report this User

Report this user for behavior that violates our Community Guidelines.

Details: